Bridging the gap : science to practice : San Francisco : 131st annual meeting, July 9-13, 1994 : official convention program /

Bibliographic Details
Corporate Author: American Veterinary Medical Association. Meeting
Format: Book
Language:English
Published: [Place of publication not identified] : [The Association], [1994?]
Subjects:

MARC

Tag First Indicator Second Indicator Subfields
LEADER 00000cam a2200000Ia 4500
001 in00004512739
005 20191204153615.0
008 970227s1994 xxua b 100 0 eng d
035 |a (OCoLC)ocm36458695 
035 |a (OCoLC)36458695 
035 |z (UtOrBLW)50224 
035 |a 70933 
040 |a MMU  |c MMU  |d OCL  |d OCLCQ  |d TMV  |d UtOrBLW 
049 |a TMVM  |c 1  |c 2 
060 4 |a SF 605  |b A5128 1994b 
090 |a SF600  |b .A44 1994a 
110 2 |a American Veterinary Medical Association.  |b Meeting  |n (131st :  |d 1994 :  |c San Francisco, Calif.) 
245 1 0 |a Bridging the gap :  |b science to practice : San Francisco : 131st annual meeting, July 9-13, 1994 : official convention program /  |c American Veterinary Medical Association. 
246 1 8 |a Program... annual meeting, AVMA 
246 1 6 |a Program :  |b 131st annual meeting of the AVMA, July 9-13, 1994 
246 3 |a Official convention program : Bridging the gap: Science to practice 
264 1 |a [Place of publication not identified] :  |b [The Association],  |c [1994?] 
300 |a 222 pages :  |b illustrations ;  |c 28 cm. 
336 |a text  |2 rdacontent  |b txt 
337 |a unmediated  |2 rdamedia 
338 |a volume  |2 rdacarrier  |b nc 
500 |a Cover title. 
500 |a "Abstracts of scientific papers and poster presentations"--P. 104-159. 
500 |a "131st annual meeting of the AVMA" - original spine title. 
650 0 |a Veterinary medicine  |v Congresses. 
650 2 |a Societies, Medical. 
650 2 |a Veterinary Medicine. 
655 2 |a Programs. 
999 |a MARS 
999 f f |s 7d64da6e-7f1c-39ea-b1ac-787dc086b2e2  |i 49b47aaa-a438-3efd-b78c-e03c288d3a6d  |t 0 
952 f f |p preservation  |a Texas A&M University  |b J.J. Pickle Campus  |c High Density Repository  |d Remote Storage  |t 0  |e SF 605 A5128 1994b  |h National Library of Medicine classification  |i unmediated -- volume  |m 3238902383110 
998 f f |a SF 605 A5128 1994b  |t 0  |l Remote Storage